Marketplace-manažérska simulácia
Nástup informačného veku s využitím počítačov. Charakteristika procesu e-learning. Vzdelávanie na diaľku. Informačno-komunikačné technológie. Manažérska simulácia. Princíp učenia vlastnou skúsenosťou. The global marketplace a jeho ciele Princíp administrácie hry. Prínos e-learningového vzdelávania.
Na minha lista:
| Autor principal: | |
|---|---|
| Outros Autores: | |
| Formato: | Capítulo de Livro |
| Idioma: | eslovaco |
| Assuntos: | |
| Tags: |
Sem tags, seja o primeiro a adicionar uma tag!
|
MARC
| LEADER | 00000naa$a2200000$$$4500 | ||
|---|---|---|---|
| 001 | 0073136 | ||
| 005 | 20240502071852.3 | ||
| 041 | 0 | |a slo | |
| 044 | |a SK | ||
| 245 | 1 | 0 | |a Marketplace-manažérska simulácia |c Gabriela Kristová, Ingrid Potisková |
| 520 | |a Nástup informačného veku s využitím počítačov. Charakteristika procesu e-learning. Vzdelávanie na diaľku. Informačno-komunikačné technológie. Manažérska simulácia. Princíp učenia vlastnou skúsenosťou. The global marketplace a jeho ciele Princíp administrácie hry. Prínos e-learningového vzdelávania. | ||
| 610 | 2 | 0 | |a simulácia |
| 610 | 2 | 0 | |a technológie informačné |
| 610 | 2 | 0 | |a technológie komunikačné |
| 610 | 2 | 0 | |a vzdelávanie elektronické |
| 610 | 2 | 0 | |a stratégia marketingová |
| 610 | 2 | 0 | |a vyučovanie |
| 610 | 2 | 0 | |a študenti |
| 100 | 1 | |a Kristová, Gabriela | |
| 700 | 1 | |a Potisková, Ingrid | |